<?xml version="1.0" encoding="UTF-8"?>
<record
    xmlns:xsi="http://www.w3.org/2001/XMLSchema-instance"
    xsi:schemaLocation="http://www.loc.gov/MARC21/slim http://www.loc.gov/standards/marcxml/schema/MARC21slim.xsd"
    xmlns="http://www.loc.gov/MARC21/slim">

  <leader>00864cam a22002291  4500</leader>
  <controlfield tag="001">ne 63000754 </controlfield>
  <controlfield tag="003">DLC</controlfield>
  <controlfield tag="005">20260227111744.0</controlfield>
  <controlfield tag="008">950320s1961    ua a          000 0 ararc</controlfield>
  <datafield tag="010" ind1=" " ind2=" ">
    <subfield code="a">ne 63000754 </subfield>
  </datafield>
  <datafield tag="035" ind1=" " ind2=" ">
    <subfield code="a">(OCoLC)32175734</subfield>
  </datafield>
  <datafield tag="040" ind1=" " ind2=" ">
    <subfield code="a">Princeton Univ. Libr.</subfield>
    <subfield code="c">CU</subfield>
    <subfield code="d">CU</subfield>
    <subfield code="d">DLC</subfield>
  </datafield>
  <datafield tag="042" ind1=" " ind2=" ">
    <subfield code="a">premarc</subfield>
  </datafield>
  <datafield tag="043" ind1=" " ind2=" ">
    <subfield code="a">ma-----</subfield>
  </datafield>
  <datafield tag="050" ind1="0" ind2="0">
    <subfield code="a">HD9576.A2</subfield>
    <subfield code="b">T3</subfield>
  </datafield>
  <datafield tag="100" ind1="1" ind2=" ">
    <subfield code="a">&#x1E6C;ar&#x12B;q&#x12B;, &#x2BB;Abd All&#x101;h.</subfield>
  </datafield>
  <datafield tag="245" ind1="1" ind2="0">
    <subfield code="a">Naql al-batr&#x16B;l al-&#x2BB;Arab&#x12B;,</subfield>
    <subfield code="b">mu&#x1E25;&#x101;&#x1E0D;ar&#x101;t alq&#x101;h&#x101; &#x2BB;Abd All&#x101;h al-&#x1E6C;ar&#x12B;q&#x12B; [wa-]F&#x101;r&#x16B;q al-&#x1E24;usayn&#x12B; &#x2BB;al&#xE1; &#x1E6D;alabat qism al-Dir&#x101;s&#x101;t al-Iqti&#x1E63;&#x101;d&#x12B;yah wa-al-Ijtim&#x101;&#x2BB;&#x12B;yah.</subfield>
  </datafield>
  <datafield tag="260" ind1=" " ind2=" ">
    <subfield code="a">[al-Q&#x101;hirah]</subfield>
    <subfield code="b">J&#x101;mi&#x2BB;at al-Duwal al-&#x2BB;Arab&#x12B;yah, Ma&#x2BB;had al-Dir&#x101;s&#x101;t al-&#x2BB;Arab&#x12B;yah,</subfield>
    <subfield code="c">1961.</subfield>
  </datafield>
  <datafield tag="300" ind1=" " ind2=" ">
    <subfield code="a">124 p.</subfield>
    <subfield code="b">diagr., tables</subfield>
    <subfield code="c">24 cm.</subfield>
  </datafield>
  <datafield tag="650" ind1=" " ind2="0">
    <subfield code="a">Petroleum</subfield>
    <subfield code="x">Transportation</subfield>
    <subfield code="z">Arab countries.</subfield>
  </datafield>
  <datafield tag="700" ind1="1" ind2=" ">
    <subfield code="a">&#x1E24;usayn&#x12B;, F&#x101;r&#x16B;q.</subfield>
  </datafield>
  <datafield tag="999" ind1=" " ind2=" ">
    <subfield code="c">45770</subfield>
    <subfield code="d">45770</subfield>
  </datafield>
</record>
